| 000 | 00401 a2200145 4500 | ||
|---|---|---|---|
| 005 | 20250617142601.0 | ||
| 020 | _a0-7131-3287-6 | ||
| 082 | _aLM 621.75 CHA | ||
| 100 | _aCHAPMAN, W. A. | ||
| 245 | _aWorkshop Technology: Part 1 | ||
| 250 | _a5th Ed. | ||
| 260 |
_aLondon, _bThe English Language Book Society, _c1975. |
||
| 300 |
_a401p.: ill.; figure, picture, table. _bIndex. _c21cm. |
||
| 942 |
_2ddc _cBKS |
||
| 999 |
_c4226 _d4226 |
||